The psychology of money : (Record no. 44085)

MARC details
001 - CONTROL NUMBER
control field 24029685
003 - CONTROL NUMBER IDENTIFIER
control field 0000
005 - DATE AND TIME OF LATEST TRANSACTION
control field 20260225162811.0
008 - FIXED-LENGTH DATA ELEMENTS--GENERAL INFORMATION
fixed length control field 250213s2020 enka b 000 0 eng
010 ## - LIBRARY OF CONGRESS CONTROL NUMBER
LC control number 2023514969
020 ## - INTERNATIONAL STANDARD BOOK NUMBER
International Standard Book Number 9780857197689
035 ## - SYSTEM CONTROL NUMBER
System control number 24029685
040 ## - CATALOGING SOURCE
Original cataloging agency DLC
Language of cataloging eng
Description conventions rda
Transcribing agency DLC
042 ## - AUTHENTICATION CODE
Authentication code pcc
050 00 - LIBRARY OF CONGRESS CALL NUMBER
Classification number HG 222.3 .H68
100 1# - MAIN ENTRY--PERSONAL NAME
Personal name Housel, Morgan,
Relator term author.
245 14 - TITLE STATEMENT
Title The psychology of money :
Remainder of title timeless lessons on wealth, greed and happiness /
Statement of responsibility, etc Morgan Housel.
246 30 - VARYING FORM OF TITLE
Title proper/short title Timeless lessons on wealth, greed, and happiness
264 #1 - PUBLICATION, DISTRIBUTION, ETC. (IMPRINT)
Place of publication, distribution, etc Petersfield :
Name of publisher, distributor, etc Harriman House,
Date of publication, distribution, etc 2020.
300 ## - PHYSICAL DESCRIPTION
Extent x, 242 pages :
Other physical details black and white illustrations ;
Dimensions 22 cm
336 ## - CONTENT TYPE
Content type term text
Source rdacontent
337 ## - MEDIA TYPE
Media type term unmediated
Source rdamedia
338 ## - CARRIER TYPE
Carrier type term volume
Source rdacarrier
504 ## - BIBLIOGRAPHY, ETC. NOTE
Bibliography, etc Includes bibliographical references.
505 0# - FORMATTED CONTENTS NOTE
Formatted contents note No one's crazy -- Luck & risk -- Never enough -- Confounding compounding -- Getting wealthy vs. staying wealthy -- Tails, you win -- Freedom -- Man in the car paradox -- Wealth is what you don't see -- Save money -- Reasonable > rational -- Surprise! -- Room for error -- You'll change -- Nothing's free -- You & me -- The seduction of pessimism -- When you'll believe anything -- All together now -- Confessions.
520 ## - SUMMARY, ETC.
Summary, etc "Doing well with money isn't necessarily about what you know. It's about how you behave. And behavior is hard to teach, even to really smart people. Money, investing, personal finance, and business decisions, is typically taught as a math-based field, where data and formulas tell us exactly what to do. But in the real world people don't make financial decisions on a spreadsheet. They make them at the dinner table, or in a meeting room, where personal history, your own unique view of the world, ego, pride, marketing, and odd incentives are scrambled together. In The Psychology of Money, award-winning author Morgan Housel shares 19 short stories exploring the strange ways people think about money and teaches you how to make better sense of one of life's most important topics."-- cover page 4.
650 #0 - SUBJECT ADDED ENTRY--TOPICAL TERM
Topical term or geographic name as entry element Money
General subdivision Psychological aspects.
650 #0 - SUBJECT ADDED ENTRY--TOPICAL TERM
Topical term or geographic name as entry element Wealth.
650 #0 - SUBJECT ADDED ENTRY--TOPICAL TERM
Topical term or geographic name as entry element Finance, Personal
General subdivision Management.
650 #0 - SUBJECT ADDED ENTRY--TOPICAL TERM
Topical term or geographic name as entry element Financial literacy.
906 ## - LOCAL DATA ELEMENT F, LDF (RLIN)
a 7
b cbc
c origres
d 2
e ncip
f 20
g y-gencatlg
942 ## - ADDED ENTRY ELEMENTS (KOHA)
Source of classification or shelving scheme Library of Congress Classification
Koha item type Books
Holdings
Withdrawn status Lost status Source of classification or shelving scheme Damaged status Not for loan Permanent Location Current Location Date acquired Total Checkouts Total Renewals Barcode Checked out Date last seen Date checked out Price effective from Koha item type
    Library of Congress Classification     NILE UNIVERSITY OF NIGERIA - MAIN LIBRARY NILE UNIVERSITY OF NIGERIA - MAIN LIBRARY 02/25/2026 1 1 0199479 04/26/2026 02/25/2026 02/25/2026 02/25/2026 Books